00377cam a22000977a 4500008004000000082001300040245012800053260003500181300001100216700005200227180718b1967 xxu||||| |||| 00| 0 eng d aT392 Un3 aMeasurement of the flow of resources to developing countries : reportcby Department of Economic and Social Affairs, U.S.A. aNew YorkbUnited Nationsc1967 a131+p. aU.S.A.Department of Economic and Social Affairs